000
00292nam a22001337a 4500
008
210302b ||||| |||| 00| 0 eng d
020
_a
9781133952404
041
_a
eng
080
_a
334.7
100
_a
55
101
_a
MF
245
_a
Managerial Accounting
_c
Warren,S.C
942
_2
udc
_c
BK
999
_c
55529
_d
55529